El cristianismo y las religiones : del desencuentro al diálogo

שמור ב:
מידע ביבליוגרפי
מחבר ראשי: Dupuis, Jacques
פורמט: ספר
שפה:ספרדית
יצא לאור: Santander. Sal Terrae. c2002.
נושאים:
תגים: הוספת תג
אין תגיות, היה/י הראשונ/ה לתייג את הרשומה!

MARC

LEADER 00000nam a22000005a 4500
001 20945
003 CL-ChBUA
005 20120815103801.0
008 070301s2002 sp 000 0 spa
020 |a 8429314687 
040 |a CL-ChBUA  |c CL-ChBUA 
082 0 0 |a 232 
090 |c 20945  |d 20945 
100 1 |a Dupuis, Jacques. 
245 1 0 |a El cristianismo y las religiones :  |b del desencuentro al diálogo 
260 |b Sal Terrae.  |a Santander.  |c c2002. 
300 |a 360 p.  |c 22 cm. 
504 |a Indice. 
650 4 |a TEOLOGÍA. 
650 4 |a CRISTIANISMO. 
650 4 |a JESUCRISTO. 
650 4 |a RELIGIONES. 
942 |c LIB 
952 |0 0  |1 0  |4 0  |7 0  |9 28432  |a UNACH  |b UNACH  |c 200  |d 2007-03-05  |i 39.769.  |l 2  |m 1  |o 232 / D 944c  |p 29431  |r 2017-06-05 00:00:00  |s 2017-05-30  |u 28432  |w 2012-08-08  |y LIB  |k 232 / D 944c 
999 |c 20945  |d 20945